00557nam a2200157Ia 4500008004100000020001800041022001500059040001300074082001200087100002300099245010000122260004900222300001900271500006300290650004600353191130s1999##################000#0#eng## a9780748610938 a2001369176 aACLcACL a193 WAR aWare, Robert Bruce aHegel : the logic of self-consciousness and the legacy of subjective freedomcRobert Bruce Ware aEdinburghbEdinburgh Univeristy Presscc1999 a254 p. ; 24 cm aIncludes bibliographical references (p. 239-245) and index aHegel, Georg Wilhelm Friedrich, 1770-1831